000 00343nam a2200121Ia 4500
008 211119s9999||||xx |||||||||||||| ||und||
082 _a658.15
_bSHA-F
100 _aGupta, Shashi K
245 0 _aFinancial Management Strategies
260 _bKalyani Publishers
_aNew Delhi
_c2003
650 _aManagementCommerce
_xGeneral Stack
942 _cBOOK
999 _c104680
_d104680